000 00741nam a2200301Ia 4500
008 180803s9999 xx 000 0 und d
020 _a9780439314206
050 _bM168 2001
100 _aMcMullan, Kate
245 0 _aFluffy goes apple picking /
245 0 _cby Kate McMullan ; illustrated by Mavis Smith.
260 _aNew York, New York :
260 _bScholastic,
260 _c2001
300 _aunpaged :
300 _bcolored ;
300 _c23cm.
440 _aScholastic reader.
500 _a150
650 _aApples --
650 _aGuinea pigs.
650 _xHarvesting.
650 _xOrchards.
650 _xSchool field trips.
700 _aSeries.
700 _aSmith, Mavis.
700 _aTitle.
999 _c358297
_d358297